| 000 | 01041nam a2200253 a 4500 | ||
|---|---|---|---|
| 005 | 20230608063603.0 | ||
| 008 | 991125s1972 mx 000 0 spa u | ||
| 035 | _aUPN01000008024 | ||
| 049 | _aLTG | ||
| 050 | 4 |
_aLB1584 M6.2 _b1972 |
|
| 100 | 1 |
_aVázquez, Josefina Zoraida _929473 |
|
| 245 | 1 | 0 |
_aCiencias sociales : _bsegundo grado / _cJosefina Vázquez de Knauth, José Luis Reyna, Manuel Villa |
| 260 |
_aMéxico : _bSEP, Comisión Nacional de los Libros de Texto Gratuitos, _c1972 |
||
| 300 |
_a126 p. : _bil. col. |
||
| 500 | _aCon: Ciencias sociales : segundo grado : auxiliar didáctico / Josefina Vázquez de Knauth, José Luis Reyna, Manuel Villa | ||
| 500 | _a"Año de Juárez" | ||
| 500 | _aLibro de texto gratuito | ||
| 650 | 4 |
_aCiencias sociales _xEstudio y enseñanza (Elemental) _92813 |
|
| 700 | 1 |
_aReyna Pérez, José Luis, _d1941- _ecoaut. _934318 |
|
| 700 | 1 |
_aVilla, Manuel, _ecoaut. _929624 |
|
| 710 | 2 |
_aComisión Nacional de los Libros de Texto Gratuitos (México) _928140 |
|
| 904 |
_aAC _b008024 |
||
| 905 | _aLibro | ||
| 999 |
_c8024 _d8024 |
||